| 000 | 00809nam0a22002531 4500 | ||
|---|---|---|---|
| 001 | rc\430527 | ||
| 005 | 20250621082840.0 | ||
| 035 | _a(NLR Aleph) 005677274 | ||
| 090 |
_a7037223 _c7037223 |
||
| 100 | _a20030616d1987 |||y0rusy50 ca | ||
| 101 | 0 | _arus | |
| 102 | _aRU | ||
| 105 | _aa ||||||||| | ||
| 200 | 1 | _aПолучение тугоплавких соединений в плазме | |
| 210 |
_aКиев _cВища шк. _d1987 |
||
| 215 |
_a198, [2] с. _cил. _d20 |
||
| 320 | _aБиблиогр.: с. 187-199 (198 назв.) | ||
| 700 | 1 |
_aКраснокутский _bЮ.И. _gЮлий Иосифович |
|
| 701 | 1 |
_aВерещак _bВ.Г. _gВиктор Григорьевич |
|
| 801 | 0 |
_aRU _bNLR _gpsbo |
|
| 801 | 1 |
_aRU _bELAR _2rusmarc |
|
| 852 |
_aNLR _j88-3/3348 |
||
| 942 | _cBOOK | ||
| 980 | _aNB | ||